[Event "Nichelino op-B 14th"]
[Site "Nichelino"]
[Date "2013.10.05"]
[Round "2"]
[White "Doromeychuk, Anton"]
[Black "Revello, Beatrice"]
[Result "1-0"]
[WhiteElo "1820"]
[BlackElo "1671"]
[PlyCount "75"]
[EventDate "2013.10.04"]
[EventType "swiss"]
[EventRounds "5"]
[EventCountry "ITA"]
[SourceTitle "EXT 2024"]
[Source "ChessBase"]
[SourceDate "2023.10.10"]
[SourceVersion "1"]
[SourceVersionDate "2023.10.10"]
[SourceQuality "1"]

1. d4 d5 2. c4 e6 3. Nc3 Nf6 4. Nf3 c6 5. Bg5 Be7 6. e3 Nbd7 7. Bd3 0-0 8. 0-0 Qc7 9. Qc2 h6 10. Bh4 Re8 11. c5 Nh5 12. Bxe7 Rxe7 13. e4 Nf4 14. e5 Nxd3 15. Qxd3 b6 16. b4 bxc5 17. bxc5 Qa5 18. Qc2 Nf8 19. Nd2 Ng6 20. Nb3 Qd8 21. f4 Re8 22. Ne2 Ba6 23. Rf3 Nh4 24. Rh3 Bxe2 25. Qxe2 Ng6 26. Rf1 f5 27. Qh5 Nh8 28. g4 fxg4 29. Qxg4 Kh7 30. Kh1 g6 31. Nd2 Rb8 32. Nf3 Rb7 33. Ng5+ Kg8 34. Rxh6 Qe7 35. Qh3 Qg7 36. Nxe6 Rxe6 37. Qxe6+ Kf8 38. Rxh8+ 1-0

[Event "ITA-chT (Women)"]
[Site "Arvier"]
[Date "2012.04.29"]
[Round "3"]
[White "Revello, Beatrice"]
[Black "De Rosa, Mariagrazia"]
[Result "1/2-1/2"]
[WhiteElo "1674"]
[BlackElo "2091"]
[PlyCount "122"]
[EventDate "2012.04.28"]
[EventType "team-tourn"]
[EventRounds "5"]
[EventCountry "ITA"]
[SourceTitle "CBM 148 Extra"]
[Source "ChessBase"]
[SourceDate "2012.06.22"]
[SourceVersion "1"]
[SourceVersionDate "2012.06.22"]
[SourceQuality "1"]
[WhiteTeam "Torino (W)"]
[BlackTeam "Chieti (W)"]
[WhiteTeamCountry "ITA"]
[BlackTeamCountry "ITA"]

1. d4 Nf6 2. Nf3 b6 3. c4 Bb7 4. e3 e6 5. Nc3 Bb4 6. Bd2 0-0 7. Be2 Be7 8. 0-0 c5 9. dxc5 Bxc5 10. Ne5 Nc6 11. Nxc6 Bxc6 12. Bf3 Rc8 13. Rc1 h6 14. Bxc6 dxc6 15. Qc2 Qd6 16. h3 Rfd8 17. Rfd1 Qe5 18. Be1 Bd6 19. g3 b5 20. cxb5 cxb5 21. Qe2 a6 22. a3 Bc5 23. Rxd8+ Rxd8 24. Rd1 Rxd1 25. Qxd1 g6 26. Qf3 Kg7 27. Qd1 Bb6 28. Qf3 Bc5 29. Nd1 Qd5 30. Qxd5 Nxd5 31. Nc3 Nb6 32. Ne4 Be7 33. Bc3+ f6 34. Nd2 Na4 35. Nb1 e5 36. b4 Kf7 37. Kf1 Ke6 38. Ke2 Kd5 39. Ba1 f5 40. Nd2 Bd6 41. Nb3 Nb6 42. Nd2 Nc4 43. Nb1 Nb6 44. Nd2 Nc4 45. Nb1 g5 46. Nc3+ Kc6 47. Nb1 Kb6 48. Kd3 e4+ 49. Kc2 h5 50. Bf6 g4 51. hxg4 hxg4 52. Bb2 Kc6 53. Nd2 Nb6 54. Bd4 Bc7 55. Nb3 Nc4 56. Bb2 Kd5 57. Nd2 Be5 58. Nxc4 bxc4 59. Bxe5 Kxe5 60. Kc3 Kd5 61. Kb2 Kc6 1/2-1/2

[Event "Torino SST Junior-Senior (giallo)"]
[Site "Torino"]
[Date "2012.01.19"]
[Round "4"]
[White "Giacometto, Mario"]
[Black "Revello, Beatrice"]
[Result "1-0"]
[WhiteElo "1979"]
[BlackElo "1679"]
[PlyCount "65"]
[EventDate "2011.10.20"]
[EventType "schev"]
[EventRounds "8"]
[EventCountry "ITA"]
[SourceTitle "EXT 2018"]
[Source "ChessBase"]
[SourceDate "2017.10.13"]
[SourceVersion "1"]
[SourceVersionDate "2017.10.13"]
[SourceQuality "1"]

1. e4 c5 2. Nf3 d6 3. d4 cxd4 4. Nxd4 Nf6 5. Nc3 g6 6. Be3 Bg7 7. f3 Nbd7 8. Bc4 a6 9. Qd2 b5 10. Bb3 Nc5 11. Nd5 Nxb3 12. axb3 Nxd5 13. exd5 Bb7 14. c4 bxc4 15. bxc4 0-0 16. 0-0 Bxd4 17. Qxd4 f6 18. f4 Qd7 19. f5 gxf5 20. Bh6 Rf7 21. Ra3 Rc8 22. Rg3+ Kh8 23. b3 Rg8 24. Rxg8+ Kxg8 25. Rf3 Kh8 26. Qe3 Bc8 27. b4 Qa4 28. Qb6 Qd7 29. Ra3 Kg8 30. b5 axb5 31. Ra8 Rf8 32. Bxf8 Kxf8 33. Qa6 1-0

[Event "Nichelino op 12th"]
[Site "Nichelino"]
[Date "2011.10.06"]
[Round "1"]
[White "Revello, Beatrice"]
[Black "Guarneri, Giuseppe"]
[Result "1/2-1/2"]
[WhiteElo "1655"]
[BlackElo "1853"]
[PlyCount "83"]
[EventDate "2011.10.06"]
[EventType "swiss"]
[EventRounds "6"]
[EventCountry "ITA"]
[SourceTitle "EXT 2023"]
[Source "ChessBase"]
[SourceDate "2022.10.05"]
[SourceVersion "1"]
[SourceVersionDate "2022.10.05"]
[SourceQuality "1"]

1. d4 c5 2. e3 d5 3. b3 Nc6 4. Bb2 f6 5. Nf3 Bg4 6. Be2 e6 7. Nbd2 Bd6 8. c4 Nge7 9. Rc1 b6 10. cxd5 exd5 11. 0-0 0-0 12. Re1 Kh8 13. Nf1 Qd7 14. dxc5 bxc5 15. Ba3 Nb4 16. Bxb4 cxb4 17. Nd4 Bxe2 18. Rxe2 Rfc8 19. Rec2 Rxc2 20. Rxc2 Rc8 21. Rxc8+ Qxc8 22. Qc2 Qxc2 23. Nxc2 Nc6 24. Nd2 Ne5 25. Nd4 Nd3 26. Ne2 Be5 27. Nf3 Bc3 28. Kf1 Kg8 29. Nxc3 bxc3 30. Nd4 Nb4 31. Ke2 Nxa2 32. Kd3 Kf7 33. Nb5 a5 34. Nxc3 Nb4+ 35. Kd4 Ke6 36. Nb5 g6 37. Nc7+ Kd6 38. Ne8+ Ke6 39. Nc7+ Kd6 40. Ne8+ Ke7 41. Nc7 Kd6 42. Ne8+ 1/2-1/2

[Event "Nichelino op 11th"]
[Site "Nichelino"]
[Date "2010.10.01"]
[Round "2"]
[White "Revello, Beatrice"]
[Black "Gambarino, Federico"]
[Result "0-1"]
[WhiteElo "1722"]
[BlackElo "1868"]
[PlyCount "64"]
[EventDate "2010.09.30"]
[EventType "swiss"]
[EventRounds "6"]
[EventCountry "ITA"]
[SourceTitle "EXT 2024"]
[Source "ChessBase"]
[SourceDate "2023.10.10"]
[SourceVersion "1"]
[SourceVersionDate "2023.10.10"]
[SourceQuality "1"]

1. d4 Nf6 2. c4 g6 3. Bf4 Bg7 4. e3 0-0 5. Nf3 d6 6. Bd3 c5 7. 0-0 Nh5 8. Bg3 Nxg3 9. fxg3 Bg4 10. Be2 cxd4 11. Nxd4 Bxe2 12. Qxe2 Nd7 13. Nc3 Ne5 14. Rac1 Rc8 15. b3 a6 16. Nf3 Ng4 17. h3 Nf6 18. g4 h6 19. Kh1 b5 20. cxb5 Rxc3 21. Rxc3 Ne4 22. Kh2 Nxc3 23. Qd3 Nxb5 24. a4 Nc7 25. Rc1 a5 26. Qc4 Ne6 27. b4 Qb8 28. Kh1 Qxb4 29. Qxb4 axb4 30. Rb1 Bc3 31. g3 Ra8 32. h4 Rxa4 0-1

[Event "Pinerolo op"]
[Site "Pinerolo"]
[Date "2009.11.14"]
[Round "2"]
[White "Giaveno, Omar"]
[Black "Revello, Beatrice"]
[Result "0-1"]
[WhiteElo "1461"]
[BlackElo "1479"]
[PlyCount "114"]
[EventDate "2009.11.13"]
[EventType "swiss"]
[EventRounds "5"]
[EventCountry "ITA"]
[SourceTitle "EXT 2012"]
[Source "ChessBase"]
[SourceDate "2011.11.24"]
[SourceVersion "1"]
[SourceVersionDate "2011.11.24"]
[SourceQuality "1"]

1. d4 Nf6 2. Nc3 d5 3. Bg5 e6 4. Nf3 c5 5. e3 h6 6. Bxf6 Qxf6 7. Nb5 Qd8 8. Ne5 a6 9. Nc3 Nd7 10. Nxd7 Bxd7 11. Be2 Be7 12. 0-0 0-0 13. e4 cxd4 14. Qxd4 dxe4 15. Nxe4 Bc6 16. Qxd8 Rfxd8 17. Ng3 Bf6 18. Rab1 Rac8 19. Nh5 Be7 20. b4 Be4 21. Bd3 Bxd3 22. cxd3 Rxd3 23. Nf4 Rd4 24. Ne2 Rxb4 25. Rxb4 Bxb4 26. Rb1 a5 27. a3 Bxa3 28. Rxb7 Bb4 29. h3 Kf8 30. g4 Ra8 31. Nd4 Bc3 32. Nc6 a4 33. f4 a3 34. Rb1 a2 35. Rd1 a1Q 36. Rxa1 Rxa1+ 37. Kg2 Ra4 38. f5 exf5 39. gxf5 Rf4 40. Kg3 Rxf5 41. h4 g5 42. hxg5 Rxg5+ 43. Kh4 f5 44. Na7 f4 45. Nc8 f3 46. Nd6 f2 47. Ne4 f1Q 48. Nxg5 hxg5+ 49. Kxg5 Kf7 50. Kg4 Bd2 51. Kg3 Qf4+ 52. Kg2 Qe3 53. Kf1 Kg6 54. Kg2 Kg5 55. Kh1 Kg4 56. Kh2 Kf3 57. Kh3 Qg5 0-1

[Event "Pinerolo op"]
[Site "Pinerolo"]
[Date "2009.11.14"]
[Round "3"]
[White "Revello, Beatrice"]
[Black "Flego, Dario"]
[Result "0-1"]
[WhiteElo "1479"]
[BlackElo "1768"]
[PlyCount "100"]
[EventDate "2009.11.13"]
[EventType "swiss"]
[EventRounds "5"]
[EventCountry "ITA"]
[SourceTitle "EXT 2012"]
[Source "ChessBase"]
[SourceDate "2011.11.24"]
[SourceVersion "1"]
[SourceVersionDate "2011.11.24"]
[SourceQuality "1"]

1. e4 d5 2. exd5 Qxd5 3. d4 Nf6 4. Nf3 Bf5 5. c4 Qd6 6. Qb3 Bc8 7. c5 Qe6+ 8. Qxe6 Bxe6 9. Nc3 g6 10. Be3 c6 11. h3 Bg7 12. Be2 0-0 13. 0-0 a5 14. Ng5 Bd7 15. Bf3 Na6 16. Na4 Rad8 17. Nb6 Nc7 18. Ne4 Ncd5 19. Nxf6+ Nxf6 20. Nxd7 Rxd7 21. Rfd1 Nd5 22. Bxd5 Rxd5 23. Rd2 f5 24. g3 Rfd8 25. Rad1 h5 26. b3 Kh7 27. Kg2 Bh6 28. Bxh6 Kxh6 29. f4 g5 30. h4 gxf4 31. gxf4 Rg8+ 32. Kf3 Rg4 33. Rh2 e5 34. fxe5 Rgxd4 35. Rxd4 Rxd4 36. e6 Re4 37. Re2 Rxe2 38. Kxe2 Kg7 39. Kf3 Kf6 40. Ke3 Kxe6 41. Kf4 Kf6 42. a3 Ke6 43. b4 axb4 44. axb4 Kf6 45. Kf3 Ke5 46. Ke3 f4+ 47. Kf3 Kf5 48. Ke2 Kg4 49. Kf2 Kxh4 50. Kf3 Kg5 0-1